Kāṅtiji kataikaḷ. (Record no. 61450)

MARC details
000 -LEADER
fixed length control field 00524cam a22002171 4500
001 - CONTROL NUMBER
control field sa 65000233
003 - CONTROL NUMBER IDENTIFIER
control field DLC
005 - DATE AND TIME OF LATEST TRANSACTION
control field 20260227112101.0
008 - FIXED-LENGTH DATA ELEMENTS--GENERAL INFORMATION
fixed length control field 931108s1963 ii 000 0 tamr
010 ## - LIBRARY OF CONGRESS CONTROL NUMBER
LC control number sa 65000233
035 ## - SYSTEM CONTROL NUMBER
System control number (OCoLC)29265679
040 ## - CATALOGING SOURCE
Original cataloging agency DLC
Transcribing agency NRU
Modifying agency DLC
042 ## - AUTHENTICATION CODE
Authentication code premarc
050 00 - LIBRARY OF CONGRESS CALL NUMBER
Classification number DS481.G3
Item number S28
100 1# - MAIN ENTRY--PERSONAL NAME
Personal name Sankaran, S.,
Dates associated with a name 1926-
245 10 - TITLE STATEMENT
Title Kāṅtiji kataikaḷ.
260 ## - PUBLICATION, DISTRIBUTION, ETC.
Date of publication, distribution, etc. [1963]
300 ## - PHYSICAL DESCRIPTION
Extent 64 p.
Dimensions 18 cm.
500 ## - GENERAL NOTE
General note In Tamil.
600 10 - SUBJECT ADDED ENTRY--PERSONAL NAME
Personal name Gandhi,
Titles and other words associated with a name Mahatma,
Dates associated with a name 1869-1948.

No items available.

Powered by Koha